Catálogo
 En Linea

Bases para los concursos literarios y artísticos que se celebran en conmemoración del primer ... (Registro nro. 8538)

Detalles MARC
000 -CABECERA
campo de control de longitud fija 00360nam a2200109 a 4500
001 - NÚMERO DE CONTROL
campo de control 000008769
005 - FECHA Y HORA DE LA ÚLTIMA TRANSACCIÓN
campo de control 20200929161415.0
008 - DATOS DE LONGITUD FIJA--INFORMACIÓN GENERAL
campo de control de longitud fija 090918s1943 000 spa d
040 ## - FUENTE DE LA CATALOGACIÓN
Centro catalogador/agencia de origen DO-SdBNP
245 #0 - MENCIÓN DE TÍTULO
Título Bases para los concursos literarios y artísticos que se celebran en conmemoración del primer ...
260 ## - PUBLICACIÓN, DISTRIBUCIÓN, ETC.
Lugar de publicación, distribución, etc. Ciudad Trujillo, República Dominicana,
Fecha de publicación, distribución, etc. 1943.
Existencias
Estado de retiro Estado de pérdida Restricciones de uso No para préstamo Código de colección Localización permanente Ubicación/localización actual Ubicación en estantería Fecha de adquisición Número de inventario Total de préstamos Signatura topográfica completa Código de barras Fecha visto por última vez Precio válido a partir de Tipo de ítem Koha
        Monografías: Libros y Folletos Patrimonio Dominicano Patrimonio Dominicano Orden iniciada 18.09.2009 LF1   8769-10 25.06.2020 25.06.2020 No se presta
        Monografías: Libros y Folletos Patrimonio Dominicano Patrimonio Dominicano Orden iniciada 18.09.2009 LF1   8769-20 25.06.2020 25.06.2020 No se presta

Con tecnología Koha